Intellectual Property Rights Protection and Management (Record no. 13286)

MARC details
000 -LEADER
fixed length control field 00414nam a22001577a 4500
003 - CONTROL NUMBER IDENTIFIER
control field OSt
008 - FIXED-LENGTH DATA ELEMENTS--GENERAL INFORMATION
fixed length control field 250415b |||||||| |||| 00| 0 eng d
020 ## - INTERNATIONAL STANDARD BOOK NUMBER
International Standard Book Number 9789386668578
082 ## - DEWEY DECIMAL CLASSIFICATION NUMBER
Classification number 352.749 NIL
100 ## - MAIN ENTRY--PERSONAL NAME
Personal name NITHYANANDA,KV
245 ## - TITLE STATEMENT
Title Intellectual Property Rights Protection and Management
260 ## - PUBLICATION, DISTRIBUTION, ETC. (IMPRINT)
Place of publication, distribution, etc New Delhi
Name of publisher, distributor, etc Cengage
Date of publication, distribution, etc 2025
300 ## - PHYSICAL DESCRIPTION
Extent 371
650 ## - SUBJECT ADDED ENTRY--TOPICAL TERM
Topical term or geographic name as entry element Intellectual Property Rights
942 ## - ADDED ENTRY ELEMENTS (KOHA)
Source of classification or shelving scheme Dewey Decimal Classification
Koha item type Text Books
Holdings
Withdrawn status Lost status Source of classification or shelving scheme Damaged status Not for loan Collection code Home library Current library Date acquired Source of acquisition Currency Cost, normal purchase price Bill Number Total Checkouts Full call number Acc. no. / Barcode Date last seen Actual Cost, discounted price Bill Date Koha item type
    Dewey Decimal Classification     MCA PIET C-LIBRARY PIET C-LIBRARY 04/04/2025 Zaffa Books INR 990.00 ZBD0014   352.749 NIL 39132 15/04/2025 712.75 25/03/2025 Reference Books
    Dewey Decimal Classification     MCA PIET C-LIBRARY PIET C-LIBRARY 04/04/2025 Zaffa Books INR 990.00 ZBD0014   352.749 NIL 39133 15/04/2025 712.75 25/03/2025 Text Books

Design & Developed by: PIET Central Library
R70 Miles Stone Pattikalyana Samalkha Panipat 132102
mail ID :- [email protected], Phone No:- 0180-2569700 Ex.216